00346pab a2200133 454500008004000000100001800040245005100058260000900109300001400118362000800132650002800140650002000168773002400188180718b2002 xxu||||| |||| 00| 0 eng d aBuggal, Bindu aA national policy for social sciences in India c2002 ap.162-65. aMar aSocial Sciences - India aSocial Sciences aMan and Development